| 000 | 00698nam a2200205Ii 4500 | ||
|---|---|---|---|
| 003 | JO-AjNU | ||
| 008 | 230605s9999||||xx |||||||||||||| ||und|| | ||
| 040 |
_aJO-AjNU _bara _erda _cJO-AjNU |
||
| 041 | _aara | ||
| 050 | 1 | 4 | _aB2421 .M2612 2003 |
| 100 | 3 |
_aمانغ،فيليب ، بن عرفة،عبد العزيز /ترجمة, _eauthor _924625 |
|
| 245 | 0 | 0 | _aجيل دلوز أو نسق المتعدد |
| 250 | _aط1 | ||
| 264 | 3 | 1 | _aاللاذقية :دار الحوار للنشر والتوزيع ،2003 |
| 300 | _a245ص | ||
| 336 |
_atext _btxt _2rdacontent |
||
| 337 |
_aunmediated _bn _2rdamedia |
||
| 338 |
_avolume _bnc _2rdacarrier |
||
| 650 | 4 |
_aالفلسفة الفرنسية _924626 |
|
| 999 |
_aA9097 _c12665 _d12665 |
||